00233nam a2200085Ia 4500082002000000245003200020260001400052650003100066710005000097 aRR 330.954 ECO- 0aEconomic survey : 1998-1999 aNew Delhi aIndiavEconomic conditions aIndia, Ministry of Finance, Economic Division